Statistics for Previous United States Senators

Click here to take the quiz!

General Stats

  • This quiz has been taken 184 times
    (163 since last reset)
  • The average score is 55 of 100

Answer Stats

StateCurrent incumbentIn office sinceFormer Senator% Correct
CaliforniaAlex Padilla2021 (appointed), predecessor elected to federal officeKamala Harris
97%
ArizonaMark Kelly2020 (special), defeated interim predecessorMartha McSally (interim for John McCain)
97%
NebraskaDeb Fischer2013, predecessor retiredBen Nelson
95%
FloridaRick Scott2019, defeated predecessorBill Nelson
95%
MinnesotaTina Smith2018 (appointed), predecessor resignedAl Franken
92%
MissouriJosh Hawley2019, defeated predecessorClaire McCaskill
92%
AlabamaTommy Tuberville2021, defeated predecessorDoug Jones
89%
New YorkKirsten Gillibrand2009 (appointed), predecessor appointed to federal officeHillary Clinton
87%
UtahMitt Romney2019, predecessor retiredOrrin Hatch
87%
DelawareChris Coons2010 (special), interim predecessor did not runTed Kaufman (interim for Joe Biden)
87%
ArizonaKyrsten Sinema2019, predecessor retiredJeff Flake
84%
MaineAngus King2013, predecessor retiredOlympia Snowe
84%
NevadaJacky Rosen2019, defeated predecessorDean Heller
82%
NevadaCatherine Cortez Masto2017, predecessor retiredHarry Reid
82%
North DakotaKevin Cramer2019, defeated predecessorHeidi Heitkamp
82%
MassachusettsElizabeth Warren2013, defeated predecessorScott Brown
82%
ColoradoJohn Hickenlooper2021, defeated predecessorCory Gardner
79%
AlaskaLisa Murkowski2002 (appointed), predecessor elected to state officeFrank Murkowski
79%
IndianaMike Braun2019, defeated predecessorJoe Donnelly
79%
North CarolinaThom Tillis2015, defeated predecessorKay Hagan
76%
MassachusettsEd Markey2013 (special), predecessor appointed to federal officeMo Cowan (interim for John Kerry)
76%
New HampshireMaggie Hassan2017, defeated predecessorKelly Ayotte
74%
AlaskaDan Sullivan2015, defeated predecessorMark Begich
74%
PennsylvaniaJohn Fetterman2023, predecessor retiredPat Toomey
71%
MississippiCindy Hyde-Smith2018 (appointed), predecessor retiredThad Cochran
71%
MarylandChris Van Hollen2017, predecessor retiredBarbara Mikulski
68%
West VirginiaJoe Manchin2010 (special), interim predecessor did not runCarte Goodwin (interim for Robert Byrd)
68%
ConnecticutChris Murphy2013, predecessor retiredJoe Lieberman
68%
ArkansasTom Cotton2015, defeated predecessorMark Pryor
68%
South CarolinaLindsey Graham2003, predecessor retiredStrom Thurmond
68%
West VirginiaShelley Moore Capito2015, predecessor retiredJay Rockefeller
66%
MichiganGary Peters2015, predecessor retiredCarl Levin
63%
New HampshireJeanne Shaheen2009, defeated predecessorJohn Sununu
63%
LouisianaBill Cassidy2015, defeated predecessorMary Landrieu
63%
OhioSherrod Brown2007, defeated predecessorMike DeWine
63%
WisconsinRon Johnson2011, defeated predecessorRuss Feingold
63%
ArkansasJohn Boozman2011, defeated predecessorBlanche Lincoln
61%
TennesseeMarsha Blackburn2019, predecessor retiredBob Corker
61%
ConnecticutRichard Blumenthal2011, predecessor retiredChris Dodd
61%
IllinoisTammy Duckworth2017, defeated predecessorMark Kirk
61%
Rhode IslandSheldon Whitehouse2007, defeated predecessorLincoln Chafee
58%
New YorkChuck Schumer1999, defeated predecessorAl D'Amato
55%
New JerseyCory Booker2013 (special), interim predecessor did not runJeffrey Chiesa (interim for Frank Lautenberg)
55%
VirginiaMark Warner2009, defeated predecessorJohn Warner
55%
IdahoJim Risch2009, predecessor retiredLarry Craig
55%
IowaJoni Ernst2015, predecessor retiredTom Harkin
55%
HawaiiBrian Schatz2012 (appointed), predecessor died in officeDaniel Inouye
53%
VirginiaTim Kaine2013, predecessor retiredJim Webb
53%
ColoradoMichael Bennet2009 (appointed), predecessor appointed to federal officeKen Salazar
53%
PennsylvaniaBob Casey Jr.2007, defeated predecessorRick Santorum
53%
GeorgiaJon Ossoff2021, defeated predecessorDavid Perdue
50%
South DakotaJohn Thune2005, defeated predecessorTom Daschle
50%
LouisianaJohn Neely Kennedy2017, predecessor retiredDavid Vitter
47%
OregonJeff Merkley2009, defeated predecessorGordon Smith
47%
New JerseyBob Menendez2006 (appointed), predecessor elected to state officeJohn Corzine
47%
IllinoisDick Durbin1997, predecessor retiredPaul Simon
47%
South DakotaMike Rounds2015, predecessor retiredTim Johnson
47%
MississippiRoger Wicker2007 (appointed), predecessor resignedTrent Lott
47%
MontanaJon Tester2007, defeated predecessorConrad Burns
45%
South CarolinaTim Scott2012 (appointed), predecessor resignedJim DeMint
45%
North CarolinaTed Budd2023, predecessor retiredRichard Burr
45%
KansasJerry Moran2011, predecessor retiredSam Brownback
45%
New MexicoBen Ray Luján2021, predecessor retiredTom Udall
45%
IndianaTodd Young2017, predecessor retiredDan Coats
42%
HawaiiMazie Hirono2013, predecessor retiredDaniel Akaka
42%
TexasTed Cruz2013, predecessor retiredKay Bailey Hutchison
42%
GeorgiaRaphael Warnock2021 (special), defeated interim predecessorKelly Loeffler (interim for Johnny Isakson)
42%
TennesseeBill Hagerty2021, predecessor retiredLamar Alexander
42%
MarylandBen Cardin2007, predecessor retiredPaul Sarbanes
42%
MissouriEric Schmitt2023, predecessor retiredRoy Blunt
42%
MichiganDebbie Stabenow2001, defeated predecessorSpencer Abraham
42%
UtahMike Lee2011, predecessor lost primaryBob Bennett
39%
WisconsinTammy Baldwin2013, predecessor retiredHerb Kohl
39%
KentuckyRand Paul2011, predecessor retiredJim Bunning
39%
OklahomaMarkwayne Mullin2023 (special), predecessor retiredJim Inhofe
39%
MinnesotaAmy Klobuchar2007, predecessor retiredMark Dayton
39%
OklahomaJames Lankford2015, predecessor retiredTom Coburn
39%
VermontBernie Sanders2007, predecessor retiredJim Jeffords
37%
WashingtonMaria Cantwell2001, defeated predecessorSlade Gorton
37%
DelawareTom Carper2001, defeated predecessorBill Roth
34%
CaliforniaLaphonza Butler2023 (appointed), predecessor died in officeDianne Feinstein
34%
New MexicoMartin Heinrich2013, predecessor retiredJeff Bingaman
34%
OhioJ.D. Vance2023, predecessor retiredRob Portman
34%
MaineSusan Collins1997, predecessor retiredBill Cohen
32%
North DakotaJohn Hoeven2011, predecessor retiredByron Dorgan
32%
Rhode IslandJack Reed1997, predecessor retiredClaiborne Pell
32%
IowaChuck Grassley1981, defeated predecessorJohn Culver
32%
WyomingCynthia Lummis2021, predecessor retiredMike Enzi
32%
KansasRoger Marshall2021, predecessor retiredPat Roberts
32%
AlabamaKatie Britt2023, predecessor retiredRichard Shelby
32%
NebraskaPete Ricketts2023 (appointed), predecessor resignedBen Sasse
29%
OregonRon Wyden1996 (special), predecessor resignedBob Packwood
29%
FloridaMarco Rubio2011, interim predecessor did not runGeorge LeMieux (interim for Mel Martinez)
29%
VermontPeter Welch2023, predecessor retiredPatrick Leahy
29%
TexasJohn Cornyn2003, predecessor retiredPhil Gramm
29%
KentuckyMitch McConnell1985, defeated predecessorWalter Huddleston
29%
WyomingJohn Barrasso2007 (appointed), predecessor died in officeCraig Thomas
26%
IdahoMike Crapo1999, predecessor retiredDirk Kempthorne
26%
MontanaSteve Daines2015, predecessor retiredJohn Walsh
21%
WashingtonPatty Murray1993, predecessor retiredBrock Adams
18%

Score Distribution

Percentile by Number Answered

Percent of People with Each Score

Your Score History

You have not taken this quiz since the last reset